| 000 | 00801nam a22002297a 4500 | ||
|---|---|---|---|
| 001 | 76291 | ||
| 003 | BD-RjUL | ||
| 005 | 20211209082824.0 | ||
| 008 | 191120r2019 ||||| |||| 00| 0 ben d | ||
| 020 | _a9844101484 | ||
| 035 | _a(BD-RjUL) | ||
| 040 |
_aBD-RjUL _beng _cBD-RjUL |
||
| 041 | _aeng | ||
| 082 |
_223 _a297.209 _bISM 2019 |
||
| 100 |
_aইসলাম, আমিনুল _9235212 |
||
| 245 |
_aমুসলিম ধর্মতত্ত্ব ও দর্শন / _cআমিনুল ইসলাম |
||
| 260 |
_aঢাকা : _bমাওলা ব্রাদার্স, _c২০১৯ [মুদ্রণ] |
||
| 300 |
_a৩৯২ পৃ. ; _c২২ সেমি. |
||
| 650 |
_aIslamic philosophy. _9235213 |
||
| 650 |
_aIslam _vDoctrines _xHistory. _9235214 |
||
| 942 |
_2ddc _cBK |
||
| 999 |
_c76291 _d76291 |
||